00323nam a2200097Ia 4500008004100000041000800041100002700049245007900076260005100155999001900206241105s9999 xx 000 0 und d aeng aVachhani Ruchi9181653 aEdible Landscapes In Urban Realm: Edibles As A Tool To Design Public Lands bBNCA M Arch Landscape ArchitectureaPunec2023 c362078d362078